Nhậu của người Đà Nẵng dưới góc nhìn văn hóa.

Những vấn đề chung...Nhậu của người Đà Nẵng dưới góc nhìn văn hóa...Biến tướng của nhậu và hướng giải quyết....

Spremljeno u:
Bibliografski detalji
Glavni autor: Phan, Thị Xuân Mai
Daljnji autori: Nguyễn, Hoàng Thân Người hướng dẫn (Savjetnik disertacije)
Format: Knjiga
Jezik:Vietnamese
Izdano: Đại học Sư Phạm Đại học Đà Nẵng 2011
Teme:
Oznake: Dodaj oznaku
Bez oznaka, Budi prvi tko označuje ovaj zapis!
Thư viện lưu trữ: Mạng thư viện Đại học Đà Nẵng
LEADER 01322nam a2200325 4500
001 000011307
003 7546
005 20120203090208.0
008 120203s2011 viesd
041 |a vie 
072 |a Khóa luận tốt nghiệp - Cử nhân văn học 
082 |a 394.1  |b PH-M 
100 1 |a Phan, Thị Xuân Mai 
245 1 |a Nhậu của người Đà Nẵng dưới góc nhìn văn hóa.  |c Phan, Thị Xuân Mai 
260 |a Đại học Sư Phạm  |b Đại học Đà Nẵng  |c 2011 
300 |a 67 tr.  |c 29 cm. 
500 |a Khóa luận tốt nghiệp 
520 |a Những vấn đề chung...Nhậu của người Đà Nẵng dưới góc nhìn văn hóa...Biến tướng của nhậu và hướng giải quyết.... 
653 |a Nhậu  |a Đà Nẵng 
700 |a Nguyễn, Hoàng Thân  |c Người hướng dẫn  |e ThS 
OWN |a LSP 
AVA |a UDN50  |b LSP  |d 394.1 PH-M  |e available  |t Error 5001 Not defined in file expand_doc_bib_avail.  |f 1  |g 0  |h N  |i 0  |k 1 
999 |a From the UDN01 
AVA |a UDN50  |b LSP  |d 394.1 PH-M  |e available  |t Error 5001 Not defined in file expand_doc_bib_avail.  |f 1  |g 0  |h N  |i 0  |k 1 
TYP |a Monograph 
TYP |a Printed language 
980 |a Mạng thư viện Đại học Đà Nẵng